<?xml version="1.0" encoding="UTF-8"?>
<collection xmlns="http://www.loc.gov/MARC21/slim">
 <record>
  <leader>01701nam a2200217Ia 4500</leader>
  <controlfield tag="001">CTU_136722</controlfield>
  <controlfield tag="008">210402s9999    xx            000 0 und d</controlfield>
  <datafield tag="020" ind1=" " ind2=" ">
   <subfield code="b">27.000đ</subfield>
  </datafield>
  <datafield tag="020" ind1=" " ind2=" ">
   <subfield code="c">44500</subfield>
  </datafield>
  <datafield tag="082" ind1=" " ind2=" ">
   <subfield code="a">657</subfield>
  </datafield>
  <datafield tag="082" ind1=" " ind2=" ">
   <subfield code="b">Tr561</subfield>
  </datafield>
  <datafield tag="100" ind1=" " ind2=" ">
   <subfield code="a">Bùi, Văn Trường</subfield>
  </datafield>
  <datafield tag="245" ind1=" " ind2="0">
   <subfield code="a">Kế toán quản trị</subfield>
  </datafield>
  <datafield tag="245" ind1=" " ind2="0">
   <subfield code="c">Bùi Văn Thường</subfield>
  </datafield>
  <datafield tag="260" ind1=" " ind2=" ">
   <subfield code="a">Hà Nội</subfield>
  </datafield>
  <datafield tag="260" ind1=" " ind2=" ">
   <subfield code="b">Lao động - Xã hội</subfield>
  </datafield>
  <datafield tag="260" ind1=" " ind2=" ">
   <subfield code="c">2008</subfield>
  </datafield>
  <datafield tag="520" ind1=" " ind2=" ">
   <subfield code="a">Sách đề cập đến các nội dung trong kế toán quản trị bao gồm cac vấn đề chung, phân loại chi phí, phân tích môi quan hệ chi phí - khối lượng lợi nhuận, dự toán ngân sách, phân bổ chi phí của các bộ phận phục vụ, phân tích các biến động chi phí sản xuất, đánh giá trách nhiệm quản lý, quyết định giá bản sản phẩm, thông tin thích hợp để ra quyết định và vấn đề vốn đầu tư dài hạn. Mỗi phần trong nội dung sách được trình bày thống nhất theo cấu trúc tóm tắt nội dung lý thuyết, thiết kế thành các công thức tính đối với những nội dung cần tính toán, giới thiệu những ví dụ, bài tập căn bản và cung cấp các bài giải của tất cả các bài tập. Nội dung sách gồm 2 phần lý thuyết -  bài tập và bài giải của các bài tập.</subfield>
  </datafield>
  <datafield tag="650" ind1=" " ind2=" ">
   <subfield code="a">Managerial accounting</subfield>
  </datafield>
  <datafield tag="904" ind1=" " ind2=" ">
   <subfield code="i">Huỳnh Mai</subfield>
  </datafield>
  <datafield tag="980" ind1=" " ind2=" ">
   <subfield code="a">Trung tâm Học liệu Trường Đại học Cần Thơ</subfield>
  </datafield>
 </record>
</collection>
